| 000 | 00661nam a2200157 4500 | ||
|---|---|---|---|
| 003 | OSt | ||
| 005 | 20220323101842.0 | ||
| 008 | 220323b |||||||| |||| 00| 0 eng d | ||
| 020 | _aPrioritising support for locally controlled forest enterprises | ||
| 040 | _cHU | ||
| 082 | _a62705 PRI 2014 | ||
| 245 | _a Duncan Macqueen; International Institute for Environment and Development,; Forest Connect (Organization); Forest and Farm Facility | ||
| 260 |
_aLondon : _b International Institute for Environment and Development, _c2014 |
||
| 300 |
_a viii, 232 pages : illustrations (black and white, and colour), maps (colour) ; _c24 cm _fPC |
||
| 942 |
_2ddc _cBOOKS _n0 |
||
| 999 |
_c33461 _d33461 |
||